000 00293nam a22001337a 4500
008 171101b xxu||||| |||| 00| 0 eng d
020 _a9780534145088
041 _aeng
080 _a339.9
100 _a59
101 _aGLO
245 _aINTERNATINAL RELATIONS
_cTOMA,P.A
942 _2udc
_cBK
999 _c37139
_d37139